Idea Engineering : Creative Thinking and Innovation /

Enregistré dans:
Détails bibliographiques
Auteur principal: Harris, La Verne Abe (autor)
Format: Livre
Langue:anglais
Publié: Nueva York, EUA : Momentum, 2014, c2014
Collection:(Industrial, Systems, and Innovation Engineering)
Sujets:
Tags: Ajouter un tag
Pas de tags, Soyez le premier à ajouter un tag!

MARC

LEADER 00000nam^a2200000^a^4500
001 000357687
005 20250521000000.0
009 20260310115307.003
020 |a 978-1-60650-472-7 
037 |a Acervo ITESO - Biblioteca 
041 |a ING 
082 |a 620.  |b HAR 
100 |a Harris, La Verne Abe  |e (autor) 
245 1 0 |a Idea Engineering :  |b Creative Thinking and Innovation /  |c L.V.A. Harris. 
264 4 |a Nueva York, EUA :  |b Momentum,  |c 2014, c2014 
300 |a XVII, 202 p. 
336 |a texto  |b txt  |2 rdacontenido 
337 |a sin mediación  |b n  |2 rdamedio 
338 |a volumen  |b nc  |2 rdasoporte 
440 1 |a (Industrial, Systems, and Innovation Engineering) 
649 |a XX 
650 |a Pensamiento Lateral 
650 |a Creatividad 
650 |a Desarrollo Tecnológico 
650 |a Tecnología 
650 |a Ingeniería -  |x Tema Principal 
910 |a Fondo General 
920 |a Impresos - Libros 
930 |a Colección General 
905 |a 101 
901 |a 0500250492  |b IT1  |c ACC  |i C147629  |u 20250521 
902 |a https://opac.biblio.iteso.mx/vufind/Record/000357687